[Event "40th Nezhmetdinov Memorial 2018"]
[Site "Kazan"]
[Date "2018.09.14"]
[Round "2"]
[White "Kokarev, Dmitry"]
[Black "Kalegin, Evgenij"]
[Result "*"]
[WhiteElo "2595"]
[BlackElo "2433"]
[Annotator "TA"]
[PlyCount "31"]
[EventDate "2018.09.11"]
[EventType "swiss"]
[EventCountry "RUS"]
[SourceTitle "playchess.com"]
[Source "ChessBase"]
[SourceQuality "1"]

{[%evp 14,22,52,47,42,43,56,40,60,58,58]} 1. e4 c5 2. Nf3 e6 3. d4 cxd4 4. Nxd4 a6 5. Bd3 Bc5 6. Nb3 Be7 7. Qg4 g6 8. Qe2 {White is slightly better.} d6 {B42: Sicilian: Kan Variation: 5 Bd3} 9. O-O Nd7 10. a4 b6 11. Na3 Ne5 {Predecessor:} 12. Nc4 $146 Nxc4 13. Bxc4 Qc7 14. Rd1 Bb7 15. Bd3 h5 16. h3 {0-1 (59) Yu,Y (2760)-Hansen,E (2629) chess.com INT 2018} *

[Event "40th Nezhmetdinov Memorial 2018"]
[Site "Kazan"]
[Date "2018.09.14"]
[Round "2"]
[White "Timofeev, Artyom"]
[Black "Makhmutov, Rail"]
[Result "*"]
[WhiteElo "2588"]
[BlackElo "2407"]
[Annotator "TA"]
[PlyCount "56"]
[EventDate "2018.09.11"]
[EventType "swiss"]
[EventCountry "RUS"]
[SourceTitle "playchess.com"]
[Source "ChessBase"]
[SourceQuality "1"]

{[%evp 28,29,40,40]} 1. e4 e5 2. Nf3 Nc6 3. Bb5 a6 4. Ba4 Nf6 5. O-O Be7 6. Re1 b5 7. Bb3 d6 8. c3 O-O 9. h3 Nb8 10. d4 Nbd7 11. Nbd2 Bb7 12. Bc2 Re8 13. Nf1 Bf8 14. Ng3 g6 15. Bg5 {[#] LiveBook: 229 Games} {Predecessor:} h6 $146 16. Bd2 Bg7 17. Qc1 Kh7 18. a4 Nb6 19. axb5 axb5 20. Rxa8 Bxa8 21. b3 Nbd7 22. Bd3 c6 23. Qc2 Bb7 24. Be3 d5 25. dxe5 dxe4 26. Nxe4 Nxe4 27. Bxe4 Nxe5 28. Nxe5 Rxe5 {½-½ (34) Leko,P (2691)-Oparin,G (2609) Linares 2018} *

[Event "40th Nezhmetdinov Memorial 2018"]
[Site "Kazan"]
[Date "2018.09.14"]
[Round "2"]
[White "Pridorozhni, Aleksei"]
[Black "Baghdasaryan, Vahe"]
[Result "*"]
[WhiteElo "2573"]
[BlackElo "2404"]
[Annotator "TA"]
[PlyCount "37"]
[EventDate "2018.09.11"]
[EventType "swiss"]
[EventCountry "RUS"]
[SourceTitle "playchess.com"]
[Source "ChessBase"]
[SourceQuality "1"]

{[%evp 7,7,-15]} 1. Nf3 c5 2. g3 Nc6 3. Bg2 e5 4. O-O {Predecessor:} g6 $146 5. c4 Bg7 6. Nc3 Nge7 7. Ne1 d6 8. Nc2 Be6 9. Ne3 O-O 10. Ned5 Rb8 11. d3 a6 12. Bg5 f6 13. Bd2 b5 14. Rb1 b4 15. Na4 Bf7 16. a3 a5 17. axb4 axb4 18. b3 Nxd5 19. cxd5 {0-1 (41) Caruana,F (2829)-Nakamura,H (2775) London 2014} *

[Event "40th Nezhmetdinov Memorial 2018"]
[Site "Kazan"]
[Date "2018.09.14"]
[Round "2"]
[White "Bocharov, Dmitry"]
[Black "Yeletsky, Ivan"]
[Result "*"]
[WhiteElo "2562"]
[BlackElo "2388"]
[Annotator "TA"]
[PlyCount "24"]
[EventDate "2018.09.11"]
[EventType "swiss"]
[EventCountry "RUS"]
[SourceTitle "playchess.com"]
[Source "ChessBase"]
[SourceQuality "1"]

{[%evp 13,14,37,35]} 1. Nf3 c5 2. e4 d6 3. Bb5+ Bd7 4. c4 Nf6 5. Nc3 g6 6. d4 {B52: Sizilianisch (Rossolimo-Variante)} cxd4 7. Nxd4 Bg7 {LiveBook: 56 Partien} {Vorgänger:} 8. Be3 $146 O-O 9. Bxd7 Qxd7 10. h3 Rc8 11. b3 a6 12. a4 Nc6 {1-0 (47) Naiditsch,A (2711)-Mista,A (2604) Linares 2018} *

[Event "40th Nezhmetdinov Memorial 2018"]
[Site "Kazan"]
[Date "2018.09.14"]
[Round "2"]
[White "Korneev, Oleg"]
[Black "Sadykov, Ramil"]
[Result "*"]
[WhiteElo "2547"]
[BlackElo "2364"]
[Annotator "TA"]
[PlyCount "34"]
[EventDate "2018.09.11"]
[EventType "swiss"]
[EventCountry "RUS"]
[SourceTitle "playchess.com"]
[Source "ChessBase"]
[SourceQuality "1"]

{[%evp 10,11,22,25]} 1. e4 c5 2. Nf3 d6 3. d4 cxd4 4. Nxd4 Nf6 5. Nc3 a6 6. Be3 {LiveBook: 18849 Games} {Predecessor:} e5 $146 7. Nb3 Be6 8. f3 Nbd7 9. g4 b5 10. g5 b4 11. Ne2 Ng8 12. f4 h6 13. f5 Bc4 14. g6 fxg6 15. Ng3 Bxf1 16. Rxf1 Ngf6 17. fxg6 Qc7 {1-0 (34) Aronian,L (2767)-So,W (2780) Saint Louis 2018} *

[Event "40th Nezhmetdinov Memorial 2018"]
[Site "Kazan"]
[Date "2018.09.14"]
[Round "2"]
[White "Mokshanov, Alexey"]
[Black "Artemiev, Vladislav"]
[Result "*"]
[WhiteElo "2439"]
[BlackElo "2703"]
[Annotator "TA"]
[PlyCount "24"]
[EventDate "2018.09.11"]
[EventType "swiss"]
[EventCountry "RUS"]
[SourceTitle "playchess.com"]
[Source "ChessBase"]
[SourceQuality "1"]

{[%evp 17,18,23,22]} 1. e4 c5 2. Nf3 d6 3. Bb5+ Nd7 4. O-O a6 5. Bd3 Ngf6 6. Re1 {B51: Sicilian: Moscow Variation (3 Bb5+) without 3...Bd7} e6 7. c3 b5 8. Bc2 Bb7 9. d4 Be7 {LiveBook: 34 Games} {Predecessor:} 10. Nbd2 $146 Qc7 11. Nf1 O-O 12. Ng3 Rfc8 {½-½ (57) Guseinov,G (2646)-Cheparinov,I (2693) Batumi 2018} *

[Event "40th Nezhmetdinov Memorial 2018"]
[Site "Kazan"]
[Date "2018.09.14"]
[Round "2"]
[White "Tsoi, Dmitry"]
[Black "Chigaev, Maksim"]
[Result "*"]
[WhiteElo "2422"]
[BlackElo "2593"]
[Annotator "TA"]
[PlyCount "37"]
[EventDate "2018.09.11"]
[EventType "swiss"]
[EventCountry "RUS"]
[SourceTitle "playchess.com"]
[Source "ChessBase"]
[SourceQuality "1"]

{[%evp 18,19,0,-10]} 1. Nf3 Nf6 2. g3 g6 3. Bg2 Bg7 4. O-O O-O 5. c4 d6 6. Nc3 Nc6 7. d3 e5 8. Rb1 a5 9. a3 Nd4 10. b4 {LiveBook: 89 Games. A26: English Opening vs King's Indian with ...Nc6 and d3} {Predecessor:} axb4 $146 11. axb4 Re8 12. Re1 c6 13. b5 Bg4 14. bxc6 bxc6 15. Nxd4 exd4 16. Ne4 Nxe4 17. Bxe4 Qd7 18. Bf4 h6 19. h4 {½-½ (27) Swiercz,D (2636)-Vachier Lagrave,M (2742) Germany 2013} *

[Event "40th Nezhmetdinov Memorial 2018"]
[Site "Kazan"]
[Date "2018.09.14"]
[Round "2"]
[White "Faizrakhmanov, Ramil"]
[Black "Rozum, Ivan"]
[Result "*"]
[WhiteElo "2414"]
[BlackElo "2576"]
[Annotator "TA"]
[PlyCount "25"]
[EventDate "2018.09.11"]
[EventType "swiss"]
[EventCountry "RUS"]
[SourceTitle "playchess.com"]
[Source "ChessBase"]
[SourceQuality "1"]

{[%evp 9,16,22,62,47,49,52,56,52,60]} 1. d4 Nf6 2. c4 e6 3. Nf3 d5 4. Nc3 dxc4 5. e4 {[%cal Be2e4,Be4e5][%mdl 32]} b5 6. e5 {White is slightly better. D24: Queen's Gambit Accepted: 3 Nf3 Nf6 4 Nc3} Nd5 7. Nxb5 Nb6 8. Be2 Be7 {Predecessor:} 9. O-O $146 Nc6 10. Be3 O-O 11. Qd2 Rb8 12. Rfd1 Bb7 13. b3 {0-1 (55) Wojtaszek,R (2750)-Duda,J (2724) Warsaw 2018} *

[Event "40th Nezhmetdinov Memorial 2018"]
[Site "Kazan"]
[Date "2018.09.14"]
[Round "2"]
[White "Palachev, Petr"]
[Black "Bocharov, Ivan"]
[Result "*"]
[WhiteElo "2405"]
[BlackElo "2565"]
[Annotator "TA"]
[PlyCount "32"]
[EventDate "2018.09.11"]
[EventType "swiss"]
[EventCountry "RUS"]
[SourceTitle "playchess.com"]
[Source "ChessBase"]
[SourceQuality "1"]

{[%evp 2,2,19]} 1. d4 d5 {Predecessor:} 2. c4 $146 c6 3. cxd5 cxd5 4. Bf4 Nf6 5. Nc3 Nc6 6. Nf3 a6 7. Rc1 Bf5 8. e3 Rc8 9. Be2 e6 10. O-O Nd7 11. Na4 Be7 12. h3 O-O 13. a3 Na5 14. Nc5 Nc4 15. b4 Nxc5 16. dxc5 Nxa3 {1-0 (44) So,W (2778)-Carlsen,M (2843) Stavanger 2018} *

[Event "40th Nezhmetdinov Memorial 2018"]
[Site "Kazan"]
[Date "2018.09.14"]
[Round "2"]
[White "Salemgareev, Tagir"]
[Black "Volkov, Sergey"]
[Result "*"]
[WhiteElo "2394"]
[BlackElo "2547"]
[Annotator "TA"]
[PlyCount "25"]
[EventDate "2018.09.11"]
[EventType "swiss"]
[EventCountry "RUS"]
[SourceTitle "playchess.com"]
[Source "ChessBase"]
[SourceQuality "1"]

{[%evp 13,16,0,10,12,4]} 1. d4 d5 2. c4 c6 3. Nf3 Nf6 4. Nc3 a6 5. a4 Bf5 6. Qb3 b6 {D15: Slav Defence: 4 Nc3 a6 and gambit lines after 4 Nc3 dxc4} 7. e3 e6 {LiveBook: 4 Games} 8. Nh4 (8. Be2 Bd6 9. O-O O-O 10. Bd2 Ne4 11. Rfd1 a5 12. Be1 Nd7 13. cxd5 exd5 {0-1 (42) Kozul,Z (2632)-Prohaszka,P (2599) Austria 2014}) 8... Be4 {Predecessor:} 9. Nxe4 $146 Nxe4 10. Nf3 a5 11. cxd5 Bb4+ 12. Nd2 Qh4 13. g3 {0-1 (46) Novakovic,D-Milenkovic,J (2207) Serbia 2007} *

[Event "40th Nezhmetdinov Memorial 2018"]
[Site "Kazan"]
[Date "2018.09.15"]
[Round "3"]
[White "Artemiev, Vladislav"]
[Black "Levin, Evgeny A"]
[Result "1-0"]
[WhiteElo "2703"]
[BlackElo "2516"]
[Annotator "TA"]
[PlyCount "123"]
[EventDate "2018.09.11"]
[EventType "swiss"]
[EventCountry "RUS"]
[SourceTitle "playchess.com"]
[Source "ChessBase"]
[SourceQuality "1"]

{[%evp 11,123,0,-7,-8,8,2,20,9,22,0,0,0,0,0,0,0,0,0,0,0,0,0,0,0,0,0,0,4,0,0,0,0,8,10,18,0,91,85,79,79,108,112,122,125,101,133,121,90,90,90,92,80,139,130,141,90,97,97,104,79,215,215,215,215,215,215,212,208,208,208,323,366,356,389,406,406,404,376,496,496,520,497,620,504,606,496,496,496,496,489,468,433,481,474,464,452,557,557,557,557,536,550,550,536,585,560,837,837,837,837,837,837,837,837]} 1. e4 c5 2. Nf3 d6 3. Nc3 Nf6 4. e5 dxe5 5. Nxe5 a6 6. g3 {B50: Sicilian: 2...d6, Miscellaneous} Qd6 {LiveBook: 9 Games} 7. Nf3 Nc6 (7... Qe6+ {with more complications.} 8. Ne2 Qc6 9. Bg2 Bg4 10. Nc3 Qe6+) 8. Bg2 {The position is equal.} e5 $146 ({Predecessor:} 8... Qe6+ 9. Ne2 g6 10. O-O Bg7 11. d4 cxd4 12. Nexd4 Nxd4 13. Nxd4 {1-0 (35) Sutovsky,E (2679)-Panarin,M (2471) playchess.com INT 2004}) 9. O-O Be7 10. Re1 O-O 11. d3 h6 12. b3 Be6 13. Nd2 b5 14. Bb2 Rad8 15. a4 Nd4 16. axb5 axb5 17. Nf3 Bg4 18. h3 Bxf3 19. Bxf3 c4 20. Nxb5 Nxb5 21. Bxe5 Qc5 {Hoping for ...cxd3.} 22. bxc4 {Ra5 is the strong threat.} Nd4 23. Bg2 Rfe8 {[#]} (23... Ne6 $11 {remains equal.}) 24. c3 $1 $16 {[%cal Rc3d4][%mdl 1024] White has strong compensation.} Ne6 {[#]} 25. Qe2 $1 Nd7 26. d4 Qc8 27. Ra8 $36 {[%mdl 2048] Keeping Black busy.} Qxa8 28. Bxa8 Rxa8 29. Bf4 Nxf4 30. gxf4 Nf6 31. Qf3 Rac8 ({Black should play} 31... Ra7) 32. c5 Rc7 33. Re5 ({White should try} 33. Ra1) 33... Rec8 34. f5 Bf8 35. Qg3 Nd7 (35... Ra7 $16 {keeps fighting.}) 36. Re8 $1 $18 Nxc5 37. dxc5 Rxc5 38. Rxc8 Rxc8 {[%mdl 4096] Endgame KQ-KRB} 39. Qd3 Rc6 40. c4 Rf6 (40... Rc8 $142 41. Kg2 Rc5) 41. Qd7 g6 42. fxg6 Rxg6+ 43. Kf1 Rg5 44. Ke2 Re5+ 45. Kd3 {White is clearly winning.} Rc5 46. Kd4 Rg5 47. f4 Rc5 48. Qe8 Rf5 49. Qe4 Ra5 50. Qc6 Rf5 51. Qg2+ Kh8 52. Qe4 Ra5 53. Qc6 Kg8 54. Qc8 Kg7 55. f5 Be7 56. Qc7 Bf6+ 57. Ke4 Ra3 58. c5 {[%cal Bc4c5,Bc5c6][%mdl 32]} Rxh3 59. c6 Rh4+ 60. Kf3 Rh3+ 61. Ke2 Rc3 62. Qd6 {Precision: White = 88%, Black = 61%.} 1-0

[Event "40th Nezhmetdinov Memorial 2018"]
[Site "Kazan"]
[Date "2018.09.15"]
[Round "3"]
[White "Chigaev, Maksim"]
[Black "Faizrakhmanov, Ramil"]
[Result "1-0"]
[WhiteElo "2593"]
[BlackElo "2414"]
[Annotator "TA"]
[PlyCount "135"]
[EventDate "2018.09.11"]
[EventType "swiss"]
[EventCountry "RUS"]
[SourceTitle "playchess.com"]
[Source "ChessBase"]
[SourceQuality "1"]

{[%evp 12,135,15,-8,0,0,0,0,20,9,5,12,-5,14,4,13,14,18,12,0,46,4,31,35,37,0,8,-47,-45,-37,-42,-40,-23,-36,-38,-42,-43,-29,-17,-111,-68,-102,-72,-78,-21,-18,-21,-18,0,-14,-14,-11,0,-4,0,0,51,53,61,66,77,72,132,129,171,155,230,72,75,70,132,124,175,191,217,175,163,174,216,216,200,137,134,132,124,122,122,124,136,114,141,142,144,139,182,135,175,172,270,267,239,251,218,0,253,0,205,174,189,181,260,239,259,257,370,250,617,610,1059,445,1770,1360,29972,29973,29968,12832]} 1. e4 c6 2. d4 d5 3. exd5 cxd5 4. Bd3 Nc6 5. c3 Nf6 6. h3 g6 7. Qc2 {LiveBook: 8 Partien. B13: Caro-Kann (Abtausch-Variante 4.c4)} e5 8. dxe5 Nxe5 9. Be3 $146 {Die Stellung ist ausgeglichen.} ({Vorgänger:} 9. Nd2 Nxd3+ 10. Qxd3 Bd6 11. Ngf3 O-O 12. O-O Bf5 13. Qd4 Re8 14. Rd1 Rc8 {1-0 (25) Aronian,L (2767)-Caruana,F (2822) chess.com INT 2018}) 9... Bg7 10. Nd2 O-O 11. Ngf3 Nxd3+ 12. Qxd3 Bf5 13. Qe2 Ne4 14. O-O Re8 15. Rfd1 Qc8 16. Nf1 Nd6 17. Rxd5 Nc4 18. Rad1 b6 {[%cal Bb7b6,Bb6b5,Bb5a4][%mdl 32]} 19. Rb5 (19. b3 $11 Nxe3 20. Nxe3) 19... a6 $15 20. Rb4 b5 21. N1d2 {[%cal Rd2c4]} Be6 22. a4 Nxe3 23. fxe3 bxa4 24. Nc4 {Droht stark Sb6.} Qc5 25. Nb6 (25. Nd4 $11 {bleibt in der Remisbreite.}) 25... Rad8 26. Rxd8 Rxd8 27. Nxa4 Qc7 (27... Qc6 $1 $17) 28. Nd4 $11 Bd5 29. Nb6 $1 {[%cal Rb6d5,Ba4b6,Bb6c4,Bc4d2][%mdl 32]} Be4 30. Nc4 Re8 31. Nd2 Bb7 32. Nf1 a5 33. Qb5 $36 {[%mdl 2048] Weiss hat Druck.} Re7 (33... axb4 $11 34. Qxe8+ Bf8) 34. Rc4 $1 $14 {[%cal Rc4c7]} Qd6 35. Qxa5 Bh6 36. Rb4 Kg7 (36... Rd7 $142) 37. Rb6 $16 Qc7 38. Qb4 Rd7 (38... Bd5 $16 39. Rb5 Bb7) 39. Re6 $2 (39. c4 $18) 39... Qd8 40. Re5 Bg5 {[#]} ({Günstiger ist} 40... Kg8 $14) 41. Qa5 $1 Bf6 {[#]} (41... Bd5 $16 {war einen Versuch wert.} 42. Qxd8 Bxd8) 42. Qxd8 $1 $18 Rxd8 43. Rb5 Be4 44. Kf2 Ra8 45. Nd2 Bd3 46. Rd5 Ra2 47. Ne6+ fxe6 48. Rxd3 Rxb2 $16 {[%mdl 4096] Endspiel KTL-KTS} 49. Ke2 Kf7 50. c4 Ke7 51. Rb3 Ra2 52. Kd3 h5 53. g4 Kd7 54. Ne4 Be7 (54... Bd8 {war angesagt.} 55. gxh5 gxh5 56. Nc5+ Ke7 57. Rb7+ Kf6 58. Nd7+ Kf7) 55. Rb7+ $18 Kd8 56. Rb8+ Kd7 57. Rb7+ Kd8 58. Rb8+ Kd7 $1 59. Rg8 Ra3+ 60. Kd4 e5+ (60... hxg4 $142 61. hxg4 g5) 61. Kxe5 Rxe3 62. Rxg6 Rxh3 (62... Ba3 $142 63. gxh5 Rxh3 64. Nf6+ Ke7 65. Rg7+ Kf8) 63. g5 {Tg7 ist eine echte Drohung.} Rh1 $2 (63... Ba3 64. Nf6+ Kc6 65. Nxh5+ Kc5) 64. Rg7 Re1 65. Rh7 (65. g6 $142 h4 66. Rh7) 65... h4 (65... Ke8 $142 66. Kd5 Kf8) 66. g6 h3 67. g7 Rg1 68. g8=Q {Precision: Weiß = 67%, Schwarz = 36%.} (68. g8=R $142 Rxg8 69. Nf6+ Kc6 70. Nxg8 Ba3 71. Rxh3 Bf8 72. Kd4 Bc5+ 73. Ke4) 1-0

[Event "40th Nezhmetdinov Memorial 2018"]
[Site "Kazan"]
[Date "2018.09.15"]
[Round "3"]
[White "Bocharov, Ivan"]
[Black "Maiorov, Nikita"]
[Result "1-0"]
[WhiteElo "2565"]
[BlackElo "2512"]
[Annotator "TA"]
[PlyCount "133"]
[EventDate "2018.09.11"]
[EventType "swiss"]
[EventCountry "RUS"]
[SourceTitle "playchess.com"]
[Source "ChessBase"]
[SourceQuality "1"]

{[%evp 11,133,14,10,0,14,0,0,0,0,-2,-6,0,15,0,0,0,14,21,8,-13,-6,-2,-10,-73,-73,-56,0,0,12,0,0,0,11,10,6,0,18,14,23,14,14,10,18,18,43,32,56,50,54,59,58,54,65,70,80,60,92,28,112,70,69,64,72,0,82,77,75,76,71,61,63,67,83,100,100,0,85,67,104,89,89,87,116,108,109,103,103,72,95,29,109,54,39,8,8,8,8,8,120,8,8,8,8,8,89,8,8,8,12,19,68,8,8,8,8,8,8,8,625,372,7059,6056,12366,12366]} 1. e4 e5 2. Nf3 Nc6 3. d4 exd4 4. Nxd4 Bc5 5. Nxc6 Qf6 6. Qf3 bxc6 7. Nd2 {C45: Scotch Game} (7. Nc3 d6 8. Qg3 h5 9. h4 Bd4 10. Bg5 Qe5 11. Qxe5+ Bxe5 12. O-O-O Bxc3 13. bxc3 Be6 14. Rd4 f6 {½-½ (71) Nepomniachtchi,I (2751)-Le,Q (2739) Saint Louis 2017}) 7... d6 8. Nb3 Bb6 9. a4 {The position is equal.} a5 10. Bd2 Qxf3 11. gxf3 Ne7 12. Rg1 Ng6 13. Be3 Bxe3 14. fxe3 f5 {[#]} 15. Bd3 $146 ({Predecessor:} 15. exf5 Bxf5 {½-½ (34) Andersen,M (2586)-Sokolov,I (2626) Helsingor 2017}) 15... O-O 16. Nd4 Ne5 {[#] ...c5 is the strong threat.} 17. exf5 (17. Be2 $11) 17... Nxd3+ $17 18. cxd3 Bxf5 ({Black should play} 18... c5 $1 $15 19. Nb5 Bxf5) 19. Nxc6 $11 Bxd3 20. Kd2 Bf5 21. Rac1 Rf7 22. Rg5 {[#] And now Rxf5! would win.} Bd7 23. f4 Kf8 24. Rb5 Ke8 25. h4 Bxc6 26. Rxc6 {[%mdl 4096] Endgame KRR-KRR} Kd7 27. Rc3 g6 28. Ke2 Ra7 29. Kf3 c5 30. Rcb3 Ke6 31. Rb8 Rfc7 32. R3b6 Rd7 33. e4 Kf7 34. Rc6 (34. f5 $16) 34... Ke7 (34... Rdb7 $11 35. Rxb7+ Rxb7) 35. Rbb6 Ra8 36. Kg4 Re8 37. Kf3 Ra8 $1 38. Rb5 Kf7 39. Rcb6 Raa7 40. b3 Ke7 41. Ke3 Kf7 42. Kd3 Kg7 43. Ke3 Kf7 $1 44. Rc6 Kf8 45. Rbb6 Ke7 46. Kd3 Ra8 47. Rb5 Rf8 48. Ke3 Ra8 49. Kf3 Raa7 50. Kg4 (50. Rbb6 $16) 50... Ra8 (50... Rab7 $1 $11 {keeps the balance.}) 51. Rcb6 ({White should try} 51. Kg5 $16) 51... Rc8 $14 52. Rb8 Rxb8 53. Rxb8 $11 {KR-KR} Rc7 54. Kg5 Kf7 (54... c4 $11 55. bxc4 Rxc4) 55. Rb6 (55. Rb5 $16) 55... c4 56. bxc4 Rxc4 57. Rb7+ Ke8 (57... Kf8 $1 $11) 58. e5 ({Better is} 58. Rxh7 $16 Rxe4 59. Rg7 (59. Kxg6 Rxf4 60. h5 Rg4+ 61. Kf6 Rf4+ 62. Kg6 Rg4+ 63. Kf6 Rf4+ 64. Kg5 Rxa4 $16)) 58... dxe5 59. fxe5 h6+ 60. Kf6 Rf4+ 61. Ke6 (61. Kxg6 $14 Rxh4 62. Ra7) 61... Kf8 $1 62. Rb8+ Kg7 63. Ke7 {Hoping for e6.} Rxa4 ({Don't play} 63... Rxh4 $6 64. e6 $16) 64. e6 {Strongly threatening Kd6.} Ra1 $2 {[%mdl 8192]} ({Avoid the trap} 64... Rxh4 $2 65. Kd6 $18) (64... Rd4 $11) 65. Rb7 Rd1 $2 (65... Kg8 66. Kd8 Rd1+ 67. Rd7 Rb1) 66. Rd7 $18 Rb1 67. Kd6+ {Precision: White = 63%, Black = 46%.} 1-0

[Event "40th Nezhmetdinov Memorial 2018"]
[Site "Kazan"]
[Date "2018.09.15"]
[Round "3"]
[White "Frolyanov, Dmitry"]
[Black "Harutyunian, Tigran K"]
[Result "1/2-1/2"]
[WhiteElo "2532"]
[BlackElo "2504"]
[Annotator "TA"]
[PlyCount "103"]
[EventDate "2018.09.11"]
[EventType "swiss"]
[EventCountry "RUS"]
[SourceTitle "playchess.com"]
[Source "ChessBase"]
[SourceQuality "1"]

{[%evp 28,103,30,18,19,25,22,11,25,9,58,28,66,35,19,37,66,79,82,77,89,83,83,28,45,41,52,42,43,47,25,0,5,8,11,1,84,0,48,28,83,-86,22,19,16,16,12,9,12,0,0,0,34,-17,-14,-48,0,0,0,0,0,0,2,-8,-5,-3,-7,-12,-8,-10,-15,-11,0,0,0,-3,0,-4]} 1. e4 e5 2. Nf3 Nc6 3. Bb5 a6 4. Ba4 Nf6 5. O-O Be7 6. Re1 b5 7. Bb3 d6 8. c3 O-O 9. h3 Nb8 10. d4 Nbd7 11. Nbd2 Bb7 12. Bc2 {[%cal Bb3c2,Bc2d3,Bd3f1][%mdl 32]} Re8 13. a4 Bf8 14. Bd3 c6 15. Qc2 {LiveBook: 77 Partien. C95: Spanische Partie (Breyer-Variante)} Qb6 16. b3 Rac8 17. Bb2 g6 18. Rad1 {[#]} Bh6 $146 ({Vorgänger:} 18... Nh5 19. Bf1 c5 20. Qb1 Bg7 21. Qa1 {½-½ (21) Nunn,J (2620)-Portisch,L (2610) Rotterdam 1989}) 19. Bf1 Bg7 20. b4 exd4 21. cxd4 c5 22. bxc5 dxc5 23. d5 c4 {[%cal Bc5c4,Bc4c3][%mdl 32] Mit der Idee ...c3!} 24. Bd4 Qd8 25. Rb1 (25. axb5 $16 axb5 26. Ra1) 25... c3 $1 $11 {[%cal Rc3d2]} 26. Nc4 $1 {[%cal Rc4d6]} bxc4 27. Rxb7 {Droht Sg5 und aus.} Nc5 28. Bxc5 Rxc5 29. Ng5 Nd7 30. f4 h6 31. Nf3 {und nun wäre e5 stark für Weiss.} Rc7 {[#]} (31... Rc8 $11 {bleibt in der Remisbreite.}) 32. Rbb1 (32. Rxc7 $1 $16 Qxc7 33. e5) 32... Nf6 33. Rbd1 {zielt auf d6 ab.} Rb7 {[#]} (33... Rce7 $11) 34. d6 $2 (34. e5 $1 $16) 34... Rxe4 ({Lieber} 34... Qb6+ $17 35. Kh1 Qb2) 35. Rxe4 Rb2 {[%cal Bb7b2,Bb2a2,Ba2a3][%mdl 32]} 36. Qxc3 Nxe4 37. Qxc4 Nxd6 38. Qxa6 Bf8 $1 39. Ne5 {Und Sc4 würde nun gewinnen.} Qh4 40. Nd3 ({Günstiger ist} 40. Qa8 $14 Qf2+ 41. Kh1) 40... Ra2 41. Qc6 Qf6 {[%mdl 1024] Schwarz hat Kompensation.} 42. Nb4 {Die Stellung ist ausgeglichen.} Ra3 43. Nd5 Qb2 44. Kh2 Kg7 45. Qb6 Qxb6 46. Nxb6 Nf5 47. Bc4 Bc5 48. Nd5 Rxa4 49. Bd3 Ne3 50. Nxe3 Bxe3 51. f5 Bf4+ 52. Kh1 {Precision: Weiß = 42%, Schwarz = 46%.} 1/2-1/2

[Event "40th Nezhmetdinov Memorial 2018"]
[Site "Kazan"]
[Date "2018.09.15"]
[Round "3"]
[White "Yudin, Sergei"]
[Black "Gaifullin, Artur"]
[Result "*"]
[WhiteElo "2525"]
[BlackElo "2454"]
[Annotator "TA"]
[PlyCount "60"]
[EventDate "2018.09.11"]
[EventType "swiss"]
[EventCountry "RUS"]
[SourceTitle "playchess.com"]
[Source "ChessBase"]
[SourceQuality "1"]

{[%evp 14,60,35,28,30,32,54,29,54,0,25,0,8,8,9,4,21,21,33,26,58,62,95,8,7,0,0,0,0,0,18,21,20,37,39,0,0,0,0,0,0,0,0,0,0,0,0,0,0]} 1. e4 c6 2. d4 d5 3. exd5 cxd5 4. Bd3 Nc6 5. c3 Qc7 6. Ne2 Bg4 7. O-O {B13: Caro-Kann: Exchange Variation and Panov-Botvinnik Attack} Nf6 8. Qe1 {LiveBook: 11 Games} g6 9. h3 $146 {White has an edge.} ({Predecessor:} 9. Bf4 Qb6 10. h3 Bxe2 11. Qxe2 Bg7 12. a4 O-O 13. Re1 Rfe8 14. Na3 Nh5 {0-1 (41) Bachmann,A (2648)-Dreev,A (2648) Tbilisi 2017}) 9... Bd7 10. Nd2 Bg7 11. f4 (11. Nf3 $14) 11... O-O 12. f5 e5 13. fxe6 $1 fxe6 14. Nf3 Ne4 15. Qh4 e5 16. Bh6 Bxh6 17. Qxh6 {[#] Threatens to win with Bxe4.} exd4 18. cxd4 ({Better is} 18. Bxe4 $1 $16 dxe4 19. Ng5 Rxf1+ 20. Rxf1) 18... Bf5 $11 {Strongly threatening ...Ng3.} 19. g4 Be6 20. Bxe4 dxe4 21. Ng5 Bc4 {[#] ...e3 is the strong threat.} (21... Qe7 {feels hotter.} 22. Nxe6 Qxe6 23. Qe3 Rad8 24. Nc3 Rxd4 25. Rxf8+ Kxf8 26. Re1 Kg7) 22. b3 $1 {[%cal Rb3c4]} Rxf1+ 23. Rxf1 Nxd4 $1 ({Wrong is} 23... Bxe2 $2 24. Rf7 $18) 24. Nxd4 (24. bxc4 $5 {[%cal Re2d4]} Nxe2+ 25. Kg2 $16) 24... Bxf1 {The position is equal.} 25. Kxf1 Qf4+ 26. Kg2 Qd2+ 27. Kg3 Qe1+ 28. Kg2 Qd2+ 29. Kg3 Qe1+ 30. Kg2 Qd2+ {Precision: White = 52%, Black = 58%.} *